| 000 | 00587nam a22002297a 4500 | ||
|---|---|---|---|
| 003 | OSt | ||
| 005 | 20140310184524.0 | ||
| 008 | 131019t xxu||||| |||| 00| 0 eng d | ||
| 020 | _a9780439164566 | ||
| 020 | _a0439164567 | ||
| 050 |
_aPZ 7 _b.K837Is 2001 |
||
| 100 | _aKorman, Gordon. | ||
| 245 |
_aShipwreck / _cGordon Korman. |
||
| 260 |
_aNew York : _bScholastic Inc., _c2001. |
||
| 300 |
_a129 p. : _c19 cm. |
||
| 440 |
_aIsland _930092 |
||
| 521 | _aG4 | ||
| 526 | _c610 | ||
| 650 |
_aFiction _xJuvenile literature. _930093 |
||
| 942 |
_2lcc _cBK-SCHOLAS |
||
| 999 |
_c35092 _d35092 |
||